[Event "Sharjah Masters 5th"]
[Site "Sharjah UAE"]
[Date "2022.05.23"]
[Round "3"]
[White "Athanasios Mastrovasilis"]
[Black "Nodirbek Abdusattorov"]
[Result "0-1"]
[EventDate "?"]
[WhiteElo "2540"]
[BlackElo "2661"]
[PlyCount "118"]

1. d4 Nf6 2. c4 e6 3. Nc3 d5 4. cxd5 exd5 5. Bg5 Bb4 6. e3 h6 7. Bh4 g5 8. Bg3 Ne4 9. Qc2 h5 10. Bd3 h4 11. Be5 f6 12. Bxe4 dxe4 13. d5 Na6 14. a3 Bxc3+ 15. Bxc3 Qxd5 16. Bxf6 O-O 17. Rd1 Qf5 18. Bd4 Be6 19. Nh3 c5 20. Bc3 Nc7 21. O-O Bc4 22. f4 Ne6 23. Rf2 g4 24. Ng5 Nxg5 25. fxg5 Qxf2+ 26. Qxf2 Rxf2 27. Kxf2 Bd3 28. g3 h3 29. Ke1 b5 30. Rd2 Rf8 31. Bf6 b4 32. Rf2 Kh7 33. Be7 bxa3 34. bxa3 Rb8 35. Bxc5 a5 36. Bd4 Kg6 37. Rb2 Rc8 38. Bf6 Rc6 39. Kd2 Kf5 40. Bc3 Rd6 41. Bxa5 Ba6+ 42. Ke1 Rd3 43. Kf2 Rxa3 44. Bb4 Ra1 45. Be1 Kxg5 46. Rd2 Bd3 47. Rb2 Kf5 48. Rb8 Ke6 49. Rb2 Kd5 50. Rd2 Kc5 51. Rb2 Kc6 52. Rd2 Kb5 53. Rb2+ Ka4 54. Rb8 Ra2+ 55. Kg1 Rg2+ 56. Kh1 Re2 57. Ra8+ Kb3 58. Ra1 Kb2 59. Rd1 Bc2 0-1

[Event "5th Sharjah Masters 2022"]
[Site "Sharjah UAE"]
[Date "2022.05.22"]
[Round "2.17"]
[White "Nodirbek Abdusattorov"]
[Black "Mikheil Mchedlishvili"]
[Result "1/2-1/2"]
[EventDate "?"]
[WhiteElo "2661"]
[BlackElo "2595"]
[PlyCount "108"]

1. e4 c5 2. Nf3 e6 3. c3 Nf6 4. e5 Nd5 5. d4 cxd4 6. cxd4 d6 7. Bc4 Be7 8. O-O O-O 9. Qe2 Nc6 10. Qe4 Bd7 11. Bd3 f5 12. exf6 Nxf6 13. Qe2 Nb4 14. Bc4 d5 15. Bb3 Nc6 16. Nc3 a6 17. Bg5 Qe8 18. Rad1 Kh8 19. Ne5 Nxe5 20. dxe5 Ng8 21. Bxe7 Nxe7 22. Bc2 Bb5 23. Nxb5 Qxb5 24. Bd3 Qb6 25. g3 Rf7 26. Kg2 Raf8 27. h4 g6 28. Bb1 Nf5 29. Rd3 Qb5 30. f4 Rc7 31. Kh3 h5 32. Qf2 Qc5 33. Qd2 Rfc8 34. Rc3 Qe7 35. Rfc1 Kh7 36. Kg2 Kh6 37. Rxc7 Rxc7 38. Bd3 Rc5 39. Rc3 Qc7 40. Qc1 Rxc3 41. Qxc3 Qd7 42. Qc5 Kg7 43. b3 Kf7 44. Kf3 Ne7 45. g4 hxg4+ 46. Kxg4 Qd8 47. Kf3 Qh8 48. Kg3 Qh5 49. Qc7 Qd1 50. Bxg6+ Kxg6 51. Qxe7 Qd3+ 52. Kf2 Qd2+ 53. Kf3 Qd3+ 54. Kf2 Qd2+ 1/2-1/2

[Event "5th Sharjah Masters 2022"]
[Site "Sharjah UAE"]
[Date "2022.05.21"]
[Round "1.8"]
[White "Denis Kadric"]
[Black "Nodirbek Abdusattorov"]
[Result "1/2-1/2"]
[EventDate "?"]
[WhiteElo "2576"]
[BlackElo "2661"]
[PlyCount "76"]

1. e4 c5 2. Nc3 Nc6 3. Nge2 g6 4. d4 cxd4 5. Nxd4 Bg7 6. Be3 Nf6 7. Bc4 O-O 8. Bb3 Re8 9. f3 e6 10. Qd2 d5 11. O-O-O Nxd4 12. Bxd4 e5 13. Bf2 d4 14. Ne2 a5 15. c3 Qc7 16. Kb1 a4 17. Bc2 dxc3 18. Nxc3 Be6 19. Qd6 Qc8 20. Qc5 Bf8 21. Qxc8 Rexc8 22. Bh4 Nh5 23. Nd5 Bc5 24. g4 Nf4 25. Bf6 Bxd5 26. exd5 Bd4 27. Rhe1 Nxd5 28. Bxe5 Bxe5 29. Rxe5 Nb4 30. Be4 Rd8 31. Rf1 Nc6 32. Rb5 Ra7 33. Rc1 Rd2 34. h4 Rh2 35. h5 Kg7 36. hxg6 hxg6 37. Rd1 a3 38. bxa3 Rxa3 1/2-1/2

[Event "Belgrade"]
[Site "Belgrade SRB"]
[Date "2022.03.14"]
[Round "9"]
[White "Ivan Ivanisevic"]
[Black "Nodirbek Abdusattorov"]
[Result "0-1"]
[EventDate "2022.03.06"]
[WhiteElo "2601"]
[BlackElo "2651"]
[PlyCount "82"]

1. d4 Nf6 2. c4 g6 3. Nc3 d5 4. cxd5 Nxd5 5. e4 Nxc3 6. bxc3 Bg7 7. Nf3 c5 8. Bb5+ Nc6 9. d5 a6 10. Be2 Bxc3+ 11. Bd2 Bxa1 12. Qxa1 Nd4 13. Nxd4 cxd4 14. Qxd4 f6 15. O-O O-O 16. Bh6 e5 17. Qb4 Rf7 18. f4 b5 19. h3 Bd7 20. Kh2 Qe7 21. Qd2 Qd6 22. Rf3 Re8 23. Rg3 f5 24. fxe5 Rxe5 25. Bf4 fxe4 26. Bxe5 Qxe5 27. Bd1 Re7 28. Qe3 Kg7 29. Kg1 b4 30. Be2 Bf5 31. a3 a5 32. h4 Rc7 33. Qg5 Rc3 34. Rxc3 bxc3 35. Qe3 c2 36. Qa7+ Bd7 37. Qxd7+ Kh6 38. Qc8 Qa1+ 39. Bf1 c1=Q 40. Qf8+ Kh5 41. d6 Kg4 0-1

[Event "GM Belgrade 2022"]
[Site "Belgrade SRB"]
[Date "2022.03.13"]
[Round "8.2"]
[White "Nodirbek Abdusattorov"]
[Black "Velimir Ivic"]
[Result "1/2-1/2"]
[EventDate "2022.03.06"]
[WhiteElo "2651"]
[BlackElo "2610"]
[PlyCount "124"]

1. e4 e5 2. Nf3 Nf6 3. Nxe5 d6 4. Nf3 Nxe4 5. d4 d5 6. Bd3 Bd6 7. O-O O-O 8. c4 c6 9. Nc3 Nxc3 10. bxc3 dxc4 11. Bxc4 Bf5 12. Bg5 Qa5 13. Nh4 Be6 14. Bxe6 Qxg5 15. Nf3 Qa5 16. Bb3 Nd7 17. Qd3 Rae8 18. Rfe1 Nf6 19. g3 g6 20. h4 Kg7 21. Kg2 c5 22. Rxe8 Rxe8 23. Ng5 Re7 24. Rb1 b6 25. Rd1 cxd4 26. Qxd4 Be5 27. Qb4 Qxb4 28. cxb4 h6 29. Nxf7 Rxf7 30. Bxf7 Kxf7 31. b5 Ke7 32. f4 Bd6 33. Rd4 h5 34. Ra4 Bb8 35. Rc4 Kd7 36. Kf3 Bd6 37. Rd4 Ke6 38. Ra4 Bb8 39. Rc4 Kd7 40. Ke3 Bd6 41. Ra4 Bb8 42. Rc4 Bd6 43. Kd4 Bc5+ 44. Ke5 Ng4+ 45. Ke4 Nf6+ 46. Kf3 Bd6 47. Rc6 Nd5 48. g4 hxg4+ 49. Kxg4 Nc7 50. Kg5 Nxb5 51. Rc4 Be7+ 52. Kxg6 Bxh4 53. f5 Be7 54. f6 Bxf6 55. Kxf6 Kd6 56. Rc1 Nd4 57. Rd1 Kd5 58. Ke7 b5 59. Kd7 b4 60. Kc7 Kc4 61. Kb7 b3 62. axb3+ Nxb3 1/2-1/2

[Event "GM Belgrade 2022"]
[Site "Belgrade SRB"]
[Date "2022.03.12"]
[Round "7.4"]
[White "Sanan Sjugirov"]
[Black "Nodirbek Abdusattorov"]
[Result "1-0"]
[EventDate "2022.03.06"]
[WhiteElo "2680"]
[BlackElo "2651"]
[PlyCount "100"]

1. d4 Nf6 2. Nf3 g6 3. Nbd2 d5 4. b3 Bg7 5. Bb2 O-O 6. e3 Nbd7 7. Be2 b6 8. c4 Bb7 9. O-O a5 10. Rc1 c5 11. dxc5 Nxc5 12. cxd5 Bxd5 13. Nc4 a4 14. Bxf6 Bxf6 15. Nxb6 Qxb6 16. Qxd5 axb3 17. axb3 Ra5 18. Rb1 Rd8 19. Qc4 Ra3 20. b4 Na4 21. Rb3 Rxb3 22. Qxb3 Nc3 23. Bc4 e6 24. Rc1 Rb8 25. Rxc3 Bxc3 26. Qxc3 Qxb4 27. Qe5 Rd8 28. Bf1 Rd1 29. h3 Qb1 30. Nh2 Qa1 31. Qf4 Kg7 32. g3 h5 33. Kg2 Re1 34. g4 hxg4 35. hxg4 Qa8+ 36. Nf3 Ra1 37. g5 Ra4 38. Qf6+ Kg8 39. Kg3 Qe4 40. Bh3 Ra7 41. Ne5 Qb1 42. Ng4 Qb8+ 43. f4 Qb6 44. Qc3 Qa5 45. Qd4 e5 46. fxe5 Qe1+ 47. Kf3 Ra5 48. Qd8+ Kg7 49. Nh6 Qh1+ 50. Bg2 1-0

[Event "GM Belgrade 2022"]
[Site "Belgrade SRB"]
[Date "2022.03.11"]
[Round "6.3"]
[White "Nodirbek Abdusattorov"]
[Black "Aleksandar Indjic"]
[Result "1-0"]
[EventDate "2022.03.06"]
[WhiteElo "2651"]
[BlackElo "2605"]
[PlyCount "62"]

1. e4 e6 2. d4 d5 3. e5 c5 4. c3 Nc6 5. Nf3 Qb6 6. a3 c4 7. Nbd2 Na5 8. Rb1 Bd7 9. h4 Ne7 10. b4 cxb3 11. Nxb3 Ba4 12. Nxa5 Bxd1 13. Rxb6 axb6 14. Nxb7 Ba4 15. Nd6+ Kd7 16. Nxf7 Rg8 17. Bd3 h6 18. Bh7 Ke8 19. Nd6+ Kd7 20. Bxg8 Nxg8 21. Rh3 Bxd6 22. exd6 Nf6 23. Rg3 Rg8 24. Bf4 Nh5 25. Rg4 Nf6 26. Rg6 Bc2 27. Ne5+ Kc8 28. d7+ Kd8 29. Rg3 Be4 30. Bd2 Nh5 31. Bxh6 1-0

[Event "GM Belgrade 2022"]
[Site "Belgrade SRB"]
[Date "2022.03.10"]
[Round "5.3"]
[White "David Navara"]
[Black "Nodirbek Abdusattorov"]
[Result "0-1"]
[EventDate "2022.03.06"]
[WhiteElo "2700"]
[BlackElo "2651"]
[PlyCount "124"]

1. e4 e5 2. Nf3 Nc6 3. Bb5 a6 4. Ba4 Nf6 5. O-O Nxe4 6. d4 b5 7. Bb3 d5 8. dxe5 Be6 9. Nbd2 Nc5 10. c3 Be7 11. Bc2 d4 12. Nb3 dxc3 13. Nxc5 Bxc5 14. Be4 Qd7 15. Bg5 h6 16. Qc2 hxg5 17. Rad1 Nb4 18. Qxc3 Bxf2+ 19. Kxf2 Nd5 20. Qc5 c6 21. Nxg5 Rh5 22. Nf3 Qa7 23. Rc1 Ne7 24. b3 Qxc5+ 25. Rxc5 Rd8 26. Rfc1 Bd5 27. Bxd5 Nxd5 28. g4 Rh3 29. Rxc6 Nf4 30. R1c3 Nd3+ 31. Kg2 Nf4+ 32. Kf1 b4 33. Re3 Rd1+ 34. Kf2 Nd5 35. e6 f5 36. Re5 fxg4 37. e7 Nxe7 38. Ng5 Rxh2+ 39. Kg3 Rxa2 40. Rce6 Rd7 41. Rb6 Rd3+ 42. Kxg4 Rg2+ 43. Kf4 Rf2+ 44. Kg4 Rd4+ 45. Kh3 Rf5 46. Rxf5 Nxf5 47. Ne6 Rd3+ 48. Kg4 Ne3+ 49. Kf4 Rxb3 50. Nxg7+ Kd7 51. Rxa6 Ra3 52. Re6 Nc4 53. Re4 Rc3 54. Ne6 Kd6 55. Nd4 Kd5 56. Nb5 Rc1 57. Nc7+ Kd6 58. Nb5+ Kc5 59. Nd4 Kd5 60. Nf3 b3 61. Rd4+ Kc5 62. Nd2 b2 0-1

[Event "GM Belgrade 2022"]
[Site "Belgrade SRB"]
[Date "2022.03.09"]
[Round "4.4"]
[White "Nodirbek Abdusattorov"]
[Black "Parham Maghsoodloo"]
[Result "0-1"]
[EventDate "2022.03.06"]
[WhiteElo "2651"]
[BlackElo "2701"]
[PlyCount "98"]

1. c4 c5 2. g3 g6 3. Bg2 Nc6 4. Nc3 Bg7 5. Nf3 d6 6. O-O e6 7. e3 Nge7 8. d4 O-O 9. Rb1 b6 10. b3 Ba6 11. Ba3 Rc8 12. Rc1 d5 13. Nb5 cxd4 14. exd4 dxc4 15. bxc4 Na5 16. Qa4 Qe8 17. Nd2 Rxc4 18. Nxc4 Bxb5 19. Qb4 Nxc4 20. Rxc4 Bxc4 21. Qxc4 Qd7 22. Bxe7 Qxe7 23. d5 Rd8 24. Rc1 exd5 25. Bxd5 Bf8 26. Qd4 Bg7 27. Qd3 Bf6 28. Qf3 Kg7 29. Rc6 Bd4 30. Rc2 Rd6 31. Kg2 Qd7 32. Bb3 b5 33. Rd2 a5 34. Qf4 a4 35. Bd1 Qc6+ 36. Bf3 Qc5 37. Qe4 b4 38. Qb1 Rf6 39. Qd1 Bc3 40. Rd8 b3 41. axb3 a3 42. Ra8 Rd6 43. b4 Bxb4 44. Qa1+ Kh6 45. Bb7 Qb6 46. Be4 Rd2 47. Qe1 Qd4 48. Ra4 a2 49. Bf3 Rc2 0-1

[Event "GM Belgrade 2022"]
[Site "Belgrade SRB"]
[Date "2022.03.08"]
[Round "3.2"]
[White "Nihal Sarin"]
[Black "Nodirbek Abdusattorov"]
[Result "1-0"]
[EventDate "2022.03.06"]
[WhiteElo "2652"]
[BlackElo "2651"]
[PlyCount "132"]

1. c4 Nf6 2. g3 g6 3. b3 e5 4. Bb2 Nc6 5. Nf3 d6 6. Bg2 Bg7 7. O-O O-O 8. d3 Re8 9. Nc3 Nd4 10. Nd2 c6 11. e3 Nf5 12. Nde4 h5 13. h3 Nh7 14. b4 Be6 15. b5 c5 16. Nd5 Ne7 17. Nec3 Nxd5 18. Nxd5 Qd7 19. Kh2 Ng5 20. h4 Nh7 21. Rb1 Bg4 22. Qd2 Nf6 23. Nxf6+ Bxf6 24. Bd5 Be6 25. Bxe6 Qxe6 26. e4 Bg7 27. f4 exf4 28. Rxf4 Bxb2 29. Qxb2 Qe5 30. Qf2 Re7 31. Rf1 Rf8 32. Rf6 Kg7 33. Kg2 Rd7 34. a4 Qe7 35. a5 Qe5 36. Qf3 Qe7 37. Rf2 Rh8 38. Qf4 Rh7 39. e5 Qxe5 40. Rxf7+ Rxf7 41. Qxf7+ Kh6 42. Qf8+ Rg7 43. Qh8+ Rh7 44. Qxe5 dxe5 45. Rf8 Rd7 46. Rb8 g5 47. Kf2 Kg6 48. Ke3 Rg7 49. Ra8 gxh4 50. gxh4 b6 51. axb6 axb6 52. Rb8 Kf5 53. Rxb6 Rg3+ 54. Kd2 e4 55. Rd6 Rg2+ 56. Ke3 Rg3+ 57. Kd2 Rg2+ 58. Ke3 Rg3+ 59. Kf2 Rf3+ 60. Ke2 Rh3 61. Rd5+ Kf4 62. dxe4 Kxe4 63. Rxc5 Rh2+ 64. Ke1 Rxh4 65. b6 Kd4 66. Rc7 1-0

[Event "GM Belgrade 2022"]
[Site "Belgrade SRB"]
[Date "2022.03.07"]
[Round "2.5"]
[White "Nodirbek Abdusattorov"]
[Black "Robert Markus"]
[Result "1-0"]
[EventDate "2022.03.06"]
[WhiteElo "2651"]
[BlackElo "2627"]
[PlyCount "74"]

1. e4 e6 2. d4 d5 3. e5 c5 4. c3 Nc6 5. Nf3 Bd7 6. Be2 Nge7 7. Na3 cxd4 8. cxd4 Nf5 9. Nc2 Be7 10. O-O O-O 11. Bd3 f6 12. Bf4 Be8 13. Qd2 Nh4 14. Nxh4 fxe5 15. dxe5 Bxh4 16. b4 a6 17. a4 Bd7 18. g3 Be7 19. Qe2 g6 20. Qg4 Rf7 21. b5 Nb4 22. Nxb4 Bxb4 23. h4 Kh8 24. Rab1 Be7 25. bxa6 bxa6 26. Rfc1 a5 27. h5 gxh5 28. Qxh5 Qg8 29. Rb7 Be8 30. Qh3 Bd8 31. Rcb1 Rxb7 32. Rxb7 Bg6 33. Bxg6 Qxg6 34. Bh6 Rc8 35. Bg7+ Kg8 36. Bf6 Qf5 37. Qh6 1-0

[Event "GM Belgrade 2022"]
[Site "Belgrade SRB"]
[Date "2022.03.06"]
[Round "1.1"]
[White "Nodirbek Abdusattorov"]
[Black "Alexey Sarana"]
[Result "1-0"]
[EventDate "2022.03.06"]
[WhiteElo "2651"]
[BlackElo "2685"]
[PlyCount "84"]

1. c4 e6 2. Nc3 d5 3. d4 Nf6 4. cxd5 exd5 5. Bg5 Be7 6. e3 O-O 7. Bd3 c6 8. Qc2 Nbd7 9. h3 Re8 10. Nf3 Nf8 11. O-O Be6 12. Na4 N6d7 13. Bf4 a5 14. a3 b5 15. Nc3 a4 16. Na2 Rc8 17. Nb4 Bxb4 18. axb4 Nb6 19. b3 axb3 20. Qxb3 Ng6 21. Bg3 Qf6 22. Qc2 Nc4 23. h4 Bg4 24. Nh2 Be6 25. Ra7 Nxh4 26. Bxh7+ Kh8 27. Bd3 Kg8 28. Rfa1 Bf5 29. Bxh4 Bxd3 30. Qxd3 Qxh4 31. Qf5 Nd6 32. Qd7 Red8 33. Qg4 Qxg4 34. Nxg4 Nc4 35. R1a6 Rd6 36. Re7 Rg6 37. f3 Rd8 38. Raa7 f5 39. Nf2 Rdd6 40. Nh3 Kh7 41. Nf4 Nb2 42. Ra8 1-0

[Event "World Blitz 2021"]
[Site "Warsaw POL"]
[Date "2021.12.29"]
[Round "4.21"]
[White "Nodirbek Abdusattorov"]
[Black "Velimir Ivic"]
[Result "0-1"]
[EventDate "2021.12.29"]
[WhiteElo "2633"]
[BlackElo "2606"]
[PlyCount "66"]

1. c4 e6 2. Nc3 d5 3. d4 Nf6 4. cxd5 exd5 5. Bg5 Bb4 6. e3 h6 7. Bh4 g5 8. Bg3 Ne4 9. Ne2 h5 10. h3 Nc6 11. Bh2 Qf6 12. f3 Nxc3 13. Nxc3 Bf5 14. Bb5 O-O-O 15. O-O Bd6 16. Bxd6 Qxd6 17. Qa4 g4 18. fxg4 hxg4 19. Rxf5 gxh3 20. Rxd5 Qg3 21. Rxd8+ Kxd8 22. Bxc6 Qxe3+ 23. Kf1 h2 24. g3 bxc6 25. Kg2 h1=B+ 26. Rxh1 Qd2+ 27. Kf3 Rxh1 28. Qxc6 Rf1+ 29. Kg4 Qxd4+ 30. Kh3 Qh8+ 31. Kg4 f5+ 32. Kg5 Qg7+ 33. Kh5 Rh1+ 0-1

[Event "8th Sunway Sitges TB 1-4"]
[Site "Sitges ESP"]
[Date "2021.12.23"]
[Round "1.1"]
[White "Nodirbek Abdusattorov"]
[Black "Ivan Cheparinov"]
[Result "1-0"]
[EventDate "2021.12.23"]
[WhiteElo "2633"]
[BlackElo "2664"]
[PlyCount "88"]

1. c4 e5 2. Nc3 Nf6 3. Nf3 Nc6 4. e4 Bb4 5. d3 d6 6. h3 a5 7. Be2 Bc5 8. O-O h6 9. Be3 Bxe3 10. fxe3 O-O 11. Qe1 Ne7 12. Nh4 Ng6 13. Nf5 c6 14. Qg3 d5 15. cxd5 cxd5 16. exd5 Nxd5 17. Nxd5 Bxf5 18. Rxf5 Qxd5 19. h4 Qe6 20. Bg4 Qd6 21. d4 Ne7 22. Rf2 Nc6 23. Raf1 Rad8 24. Bh5 f6 25. d5 Ne7 26. e4 Kh8 27. Bg4 Qb4 28. Re2 Nc8 29. Be6 Nd6 30. Qd3 Qc5+ 31. Kh2 Qb6 32. Rc2 Rde8 33. Re2 Re7 34. Rc1 Ree8 35. Qe3 Qd8 36. g3 Re7 37. Rec2 f5 38. exf5 e4 39. Qd4 Ree8 40. Rc7 Qf6 41. Qxf6 Rxf6 42. g4 h5 43. g5 Rff8 44. f6 1-0

[Event "8th Sunway Sitges TB 1-4"]
[Site "Sitges ESP"]
[Date "2021.12.23"]
[Round "1.2"]
[White "Ivan Cheparinov"]
[Black "Nodirbek Abdusattorov"]
[Result "1/2-1/2"]
[EventDate "2021.12.23"]
[WhiteElo "2664"]
[BlackElo "2633"]
[PlyCount "126"]

1. d4 Nf6 2. c4 e6 3. Nc3 d5 4. cxd5 exd5 5. Bg5 c6 6. Qc2 Be7 7. e3 Nbd7 8. Bd3 Nh5 9. Bxe7 Qxe7 10. Nge2 Nb6 11. h3 g6 12. O-O-O Be6 13. Kb1 O-O-O 14. Nc1 Ng7 15. f3 Nf5 16. Rhe1 Kb8 17. Nb3 Rhe8 18. Qf2 Qh4 19. Qg1 Nd6 20. Nc5 f5 21. Qh2 Ka8 22. Re2 Bc8 23. Rde1 Re7 24. a4 Qf6 25. h4 h6 26. b3 Rde8 27. a5 Nd7 28. N5a4 g5 29. hxg5 hxg5 30. f4 g4 31. Qg3 Rh8 32. Rc1 Qh4 33. Qxh4 Rxh4 34. Ree1 Rh2 35. Rc2 Nf6 36. Kb2 Kb8 37. b4 a6 38. Nc5 Nh5 39. Ree2 Nf6 40. Kb3 g3 41. Re1 Ng4 42. Rce2 Nf2 43. Bc2 Rxg2 44. Nd3 Nxd3 45. Bxd3 Rxe2 46. Rxe2 Ne8 47. Nd1 Nf6 48. Rg2 Rg7 49. Nc3 Be6 50. Kb2 Kc7 51. Ne2 Nh5 52. Kc3 Kd6 53. Kd2 Rg4 54. Ke1 Rh4 55. Kf1 Rh1+ 56. Ng1 Ke7 57. Be2 Bf7 58. Bxh5 Bxh5 59. Rxg3 Bg4 60. Kf2 Rh2+ 61. Rg2 Rxg2+ 62. Kxg2 Kf6 63. Kg3 1/2-1/2

[Event "8th Sunway Sitges TB 1-4"]
[Site "Sitges ESP"]
[Date "2021.12.23"]
[Round "2.2"]
[White "Dmitrij Kollars"]
[Black "Nodirbek Abdusattorov"]
[Result "1/2-1/2"]
[EventDate "2021.12.23"]
[WhiteElo "2622"]
[BlackElo "2633"]
[PlyCount "162"]

1. e4 e5 2. Nf3 Nc6 3. Bb5 a6 4. Ba4 Nf6 5. O-O Nxe4 6. d4 b5 7. Bb3 d5 8. dxe5 Be6 9. Qe2 Be7 10. Rd1 O-O 11. c4 bxc4 12. Bxc4 Bc5 13. Be3 Bxe3 14. Qxe3 Qb8 15. Bb3 Qb6 16. Nbd2 Qxe3 17. fxe3 Na5 18. Rac1 c5 19. Nxe4 Nxb3 20. axb3 dxe4 21. Nd2 Rab8 22. Nxe4 Rxb3 23. Nxc5 Rxb2 24. Nxa6 h5 25. Nc5 Re8 26. Nd3 Re2 27. Re1 Rxe1+ 28. Nxe1 Ra8 29. Nf3 Kh7 30. Rc6 Ra1+ 31. Kf2 Ra2+ 32. Kg3 Ra3 33. Ng5+ Kg6 34. Kf4 Ra2 35. Nf3 Kh6 36. g3 g6 37. e4 Bg4 38. Rf6 Kg7 39. h4 Bxf3 40. Kxf3 Ra1 41. Rb6 Rf1+ 42. Ke2 Ra1 43. e6 fxe6 44. Rxe6 Ra3 45. Kf2 Kf7 46. Rd6 Rb3 47. Rc6 Ra3 48. Rb6 Rc3 49. Ra6 Rb3 50. Rd6 Ra3 51. Rd5 Kf6 52. Rg5 Rb3 53. Ke2 Ra3 54. Kf2 Rb3 55. Rc5 Ra3 56. Rc6+ Ke5 57. Rxg6 Kxe4 58. Kg2 Ra5 59. Kh3 Rb5 60. Rg8 Rc5 61. Rf8 Rf5 62. Re8+ Re5 63. Rf8 Rf5 64. Rg8 Rc5 65. Rg7 Rd5 66. Rh7 Rc5 67. Ra7 Kf5 68. Ra6 Rb5 69. Rh6 Ke4 70. Rf6 Rf5 71. Rc6 Rb5 72. Rc2 Kf5 73. Rc6 Ke4 74. Re6+ Re5 75. Rxe5+ Kxe5 76. Kg2 Kf5 77. Kf3 Ke5 78. g4 hxg4+ 79. Kxg4 Kf6 80. h5 Kg7 81. h6+ Kxh6 1/2-1/2

[Event "Sunway Sitges Open 2021"]
[Site "Sitges"]
[Date "2021.12.17"]
[Round "4.12"]
[White "Nodirbek Abdusattorov"]
[Black "Nubairshah Shaikh Mohammad"]
[Result "1-0"]
[EventDate "2021.12.13"]
[WhiteElo "2633"]
[BlackElo "2429"]
[PlyCount "86"]

1. c4 c6 2. d4 d5 3. cxd5 cxd5 4. Bf4 Nc6 5. e3 Nf6 6. Nc3 Bf5 7. Nf3 e6 8. Be2 Bd6 9. Ne5 Bxe5 10. Bxe5 O-O 11. h4 h6 12. g4 Bg6 13. Bxf6 Qxf6 14. f4 Qe7 15. g5 Rfc8 16. Bd3 Qb4 17. Rh2 Ne7 18. a3 Qa5 19. Bxg6 Nxg6 20. Rc1 Ne7 21. gxh6 gxh6 22. Rg2+ Kf8 23. Qb3 Nf5 24. a4 Nxe3 25. Qa3+ Ke8 26. Rg8+ Kd7 27. Rg7 Rf8 28. Ke2 Nc4 29. Qc5 Rac8 30. Qxa5 Nxa5 31. f5 exf5 32. Rh7 Rg8 33. Kf2 Rg4 34. Rxf7+ Ke6 35. Rh7 Rxh4 36. Rg1 Rh2+ 37. Kg3 Rxb2 38. Re1+ Kf6 39. Nxd5+ Kg6 40. Rd7 Rc6 41. Rg1 h5 42. Kf4+ Kh6 43. Ne7 Rf2+ 1-0

[Event "2nd elllobregat Open 2021"]
[Site "Castelldefels ESP"]
[Date "2021.12.04"]
[Round "5.1"]
[White "Aditya Mittal"]
[Black "Nodirbek Abdusattorov"]
[Result "1/2-1/2"]
[EventDate "?"]
[WhiteElo "2459"]
[BlackElo "2646"]
[PlyCount "106"]

1. d4 Nf6 2. c4 e6 3. Nf3 b6 4. g3 Ba6 5. Qc2 c5 6. d5 exd5 7. cxd5 Bb7 8. Bg2 Nxd5 9. O-O Nc6 10. Rd1 Be7 11. Qa4 Nf6 12. Nh4 O-O 13. Nf5 d5 14. Nc3 Nd4 15. Nxd4 cxd4 16. Rxd4 Bc5 17. Rd3 Qe8 18. Be3 Bxe3 19. Rxe3 Qxa4 20. Nxa4 Bc6 21. Ra3 Rfc8 22. Rd1 b5 23. Nc5 a5 24. Rc3 b4 25. Rc2 Bd7 26. Rdc1 Bf5 27. Nd3 Rxc2 28. Rxc2 Kf8 29. Rc7 Rc8 30. Rxc8+ Bxc8 31. Ne5 Bb7 32. f4 Ke7 33. Kf2 Nd7 34. Nxd7 Kxd7 35. e3 Kd6 36. Bf1 Kc5 37. Bd3 h6 38. Ke2 d4 39. e4 f6 40. Kd2 Bc8 41. a3 bxa3 42. bxa3 Be6 43. Kc2 g5 44. Kd2 Bh3 45. Ke2 h5 46. Kd2 gxf4 47. gxf4 h4 48. Ke2 Bg2 49. Kf2 Bh3 50. Ke2 Bg4+ 51. Kd2 Be6 52. Ke2 Bc4 53. Kd2 1/2-1/2

[Event "2nd elllobregat Open 2021"]
[Site "Castelldefels ESP"]
[Date "2021.12.03"]
[Round "4.3"]
[White "Nodirbek Abdusattorov"]
[Black "Asis Gargatagli, Hipolito"]
[Result "1-0"]
[EventDate "?"]
[WhiteElo "2646"]
[BlackElo "2502"]
[PlyCount "72"]

1. c4 g6 2. Nc3 c5 3. g3 Bg7 4. Bg2 Nc6 5. Nf3 d6 6. O-O Nf6 7. d4 O-O 8. dxc5 dxc5 9. Bf4 Nd4 10. Ne1 Bg4 11. Nd3 Qc8 12. f3 Be6 13. e3 Nc6 14. b3 Rd8 15. Qe2 Nh5 16. Rac1 Nxf4 17. Nxf4 Bd7 18. Nd3 b6 19. Nf2 Be8 20. f4 e6 21. h4 a6 22. h5 Qc7 23. Nce4 Qe7 24. hxg6 hxg6 25. g4 f6 26. Nh3 Rac8 27. f5 Ne5 28. Nf4 Nxg4 29. Nxe6 gxf5 30. Nxd8 Qe5 31. Rxf5 Qxf5 32. Nd6 Qe5 33. Nxc8 Qh2+ 34. Kf1 Qg3 35. Ne7+ Kh8 36. Nf5 1-0

[Event "President of UZB Prizes"]
[Site "Tashkent UZB"]
[Date "2021.11.17"]
[Round "9.4"]
[White "Mihail Nikitenko"]
[Black "Nodirbek Abdusattorov"]
[Result "1-0"]
[EventDate "?"]
[WhiteElo "2492"]
[BlackElo "2646"]
[PlyCount "132"]

1. d4 Nf6 2. Nf3 e6 3. e3 c5 4. Bd3 Nc6 5. O-O d5 6. b3 Bd6 7. dxc5 Bxc5 8. Bb2 Qe7 9. c4 dxc4 10. Bxc4 O-O 11. a3 e5 12. Nbd2 Bg4 13. b4 Bd6 14. Qb1 Rad8 15. Bd3 Bb8 16. b5 Na5 17. Bc3 b6 18. Bb4 Bd6 19. Ng5 Nd5 20. Bxh7+ Kh8 21. Bg8 Nf6 22. Bxf7 Rxf7 23. Nde4 Nxe4 24. Nxf7+ Qxf7 25. Qxe4 Qc4 26. Qg6 Bxb4 27. axb4 Qxb4 28. Qg5 Rd6 29. Rab1 Qa4 30. f3 Be6 31. Qxe5 Nc4 32. Qf4 Rd2 33. Qg5 Kg8 34. Ra1 Qb3 35. Rxa7 Qxe3+ 36. Qxe3 Nxe3 37. Re1 Rxg2+ 38. Kh1 Rb2 39. Rxe3 Bh3 40. Ra1 Rxb5 41. Rg1 Kf7 42. Rc3 Rd5 43. Rc7+ Bd7 44. Kg2 b5 45. Re1 Kf6 46. h4 Rd3 47. Re4 Rd6 48. Kg3 Bf5 49. Rf4 Rd5 50. Rb4 g6 51. Rc6+ Ke7 52. Kf4 Kd7 53. Rf6 Bc2 54. Rb2 Rc5 55. Ke3 Kc7 56. Kd4 Rc4+ 57. Kd5 Ba4 58. f4 Kd7 59. Rxg6 Rxf4 60. Rg7+ Ke8 61. Rh2 Kf8 62. Rg5 Rf7 63. Rhg2 Bd1 64. Kd6 Rf4 65. Rg8+ Kf7 66. Ke5 1-0

[Event "President of UZB Prizes"]
[Site "Tashkent UZB"]
[Date "2021.11.16"]
[Round "8.3"]
[White "Nodirbek Abdusattorov"]
[Black "Vitaliy Bernadskiy"]
[Result "1/2-1/2"]
[EventDate "?"]
[WhiteElo "2646"]
[BlackElo "2592"]
[PlyCount "96"]

1. e4 c6 2. d4 d5 3. e5 Bf5 4. h4 a6 5. h5 c5 6. Bd3 Bxd3 7. Qxd3 cxd4 8. Nf3 Nc6 9. Bf4 e6 10. Nbd2 h6 11. a3 Bc5 12. Nb3 Bb6 13. O-O-O Nge7 14. Nfxd4 Nxd4 15. Nxd4 Rc8 16. Kb1 Bxd4 17. Qxd4 Qc7 18. Qd2 Qc4 19. Rh4 Nf5 20. Rh3 Qe4 21. g4 Ne7 22. Rb3 Rc7 23. f3 Qh7 24. Rc3 Nc6 25. Be3 O-O 26. Bc5 Rfc8 27. Bb6 Rd7 28. g5 Ne7 29. Rxc8+ Nxc8 30. Be3 hxg5 31. Rh1 d4 32. h6 Nb6 33. Bxd4 gxh6 34. Qc3 Rxd4 35. Qxd4 Nd5 36. Ka2 Qxc2 37. Rxh6 Kg7 38. Rh1 Qf5 39. Qg4 Qxe5 40. Rg1 Kg6 41. Qc4 Qe3 42. Qc2+ Kf6 43. Rg3 b5 44. Qh2 Ke7 45. Qg1 Kf6 46. Qh2 Ke7 47. Qg1 Kf6 48. Qh2 1/2-1/2

[Event "President of UZB Prizes"]
[Site "Tashkent UZB"]
[Date "2021.11.16"]
[Round "7.4"]
[White "Mikhail Kobalia"]
[Black "Nodirbek Abdusattorov"]
[Result "1/2-1/2"]
[EventDate "?"]
[WhiteElo "2600"]
[BlackElo "2646"]
[PlyCount "112"]

1. e4 c6 2. d4 d5 3. exd5 cxd5 4. Bd3 Nf6 5. h3 Nc6 6. c3 g6 7. Nf3 Bf5 8. O-O Bxd3 9. Qxd3 e6 10. Bf4 Bd6 11. Bxd6 Qxd6 12. Nbd2 h5 13. Rfe1 Kf8 14. Ne5 Kg7 15. Re2 Nd7 16. Nef3 Qf4 17. Rae1 h4 18. Nf1 Nf6 19. Qb5 Qc7 20. Rd1 a6 21. Qd3 b5 22. N1d2 Na5 23. Ne5 Nc4 24. Ndf3 Ne4 25. Qb1 Rac8 26. Nd3 a5 27. Rc2 Qe7 28. a3 Qf6 29. Qc1 Rc7 30. Re1 Qf5 31. Qd1 Qf6 32. Qc1 Rhc8 33. Qd1 Ncd6 34. Nfe5 Nf5 35. Rce2 Qe7 36. Nf3 Nfd6 37. Rc2 Nc4 38. Qa1 Rh8 39. Qc1 a4 40. Nh2 Qg5 41. Qd1 Qf5 42. Ng4 Re8 43. Qc1 Rh8 44. Qd1 Re7 45. Rce2 Qg5 46. Rc2 Rhe8 47. Rce2 f6 48. Qc2 Ncd6 49. Qd1 Nf7 50. Qc2 Nh6 51. Nh2 Qf5 52. Qd1 g5 53. Re3 Nf7 54. Ng4 Nfd6 55. R3e2 Nc4 56. Nh2 Ncd6 1/2-1/2

[Event "President of UZB Prizes"]
[Site "Tashkent UZB"]
[Date "2021.11.15"]
[Round "6.8"]
[White "Nodirbek Abdusattorov"]
[Black "Mukhiddin Madaminov"]
[Result "1-0"]
[EventDate "?"]
[WhiteElo "2646"]
[BlackElo "2260"]
[PlyCount "66"]

1. c4 Nf6 2. Nc3 e6 3. d4 Bb4 4. a3 Bxc3+ 5. bxc3 O-O 6. f3 d5 7. cxd5 exd5 8. e3 Bf5 9. Ne2 c5 10. g4 Be6 11. Bg2 Nc6 12. O-O Ne7 13. Ng3 Nd7 14. e4 dxe4 15. fxe4 Bc4 16. Rf2 Qa5 17. Bg5 Ng6 18. Qd2 f6 19. Be3 Rad8 20. Qb2 b5 21. Nf5 Qc7 22. h4 Nb6 23. h5 Ne7 24. h6 g6 25. Bf4 Qd7 26. Nd6 cxd4 27. cxd4 Qxg4 28. d5 Nexd5 29. exd5 Bxd5 30. Raf1 Nc4 31. Qe2 Qe6 32. Bxd5 Qxd5 33. Qe7 Qh1+ 1-0